00526nam a22001697a 450000500170000001000150001702000250003203500130005703700130007008200110008310000190009424500980011326000380021127000420024930000240029150000410031520150812110743.0 aENG-113620 c85.00a9788125042778 aEN-97152 bDBAD/PUB a882.08 aShaw, Bernard  aCaesar and Cleopatra :cby Bernard Shaw with introduction and notes by A.C. Wardba history / aNew DelhibOrient Blackswanc2011 a1/24 Asaf Ali RoadbNew Delhie110002 axx,178p.c23cm(pbk) aIncludes bibliographical references